| 000 | 00604nam a22001217a 4500 | ||
|---|---|---|---|
| 040 | _crua | ||
| 100 | _aYON SUNHENG, យន់ ស៊ុនហេង | ||
| 245 | _aការលូតលាស់ និងតិន្នផលដំណាំត្រសក់តភ្ជាប់ឃាមួយជើងទម្រផ្សេងៗគ្នា, growth and yield performance of cucumber grafted on different rootstocks | ||
| 260 |
_aphnom penh _brua _c2019 |
||
| 300 |
_aviii,21p, _bill, _c29cm, |
||
| 856 | _uhttps://drive.google.com/file/d/1T0PwHq1OEqV-oTeLScdnqT7D59RNm-pB/view?usp=sharing | ||
| 942 | _cAGR | ||
| 999 |
_c19512 _d19512 |
||